00434nam a2200157 a 450000500170000000800410001702000170005805000270007510000210010224500180012325000120014126000580015330000070021144000330021865000250025120140414132134.0131113s19uu xx 00 eng d a978142630755 aREF 638.8bCar288 2011 aCarney,Elizabeth aCats vs dogs. aLevel 3 aWashington, DC :bNational Geographic Society,c2011. a48 aNational Geographic for Kids aMammals-xcatsxdogs